Análisis y optimización del proceso de lavado de botellas

Zapisane w:
Opis bibliograficzny
1. autor: Ulloa Castro, Alberto
Format: Książka
Wydane: 1992
Hasła przedmiotowe:
Etykiety: Dodaj etykietę
Nie ma etykietki, Dołącz pierwszą etykiete!

MARC

LEADER 00000nam a2200000Ia 4500
003 005421
005 20221231144323.0
008 140114s1992 cr a m 000 ||s d
040 |c cru CEDI  
090 |a TFG 2581 
100 |a Ulloa Castro, Alberto  |9 12458 
245 |a Análisis y optimización del proceso de lavado de botellas 
260 |c 1992 
300 |a  iii, 61 hojas : ilustraciones ; 28 cm.  
500 |a Proyecto de graduación(licenciatura en ingeniería química)--Universidad de Costa Rica. Facultad de Ingeniería. Escuela de Ingeniería Química 
650 |x BOTELLAS   |x INVESTIGACIONES  |9 12459 
942 |c TFG  |2 ddc 
999 |c 20110  |d 20110